00333pab a2200133 454500008004000000100001700040245003600057260000900093300000900102362001400111650002300125700001500148773003600163180718b1983 xxu||||| |||| 00| 0 eng d aMisra, Surat aA study on crimes against women c1983 a1-21 aOct.-Dec. aSex Crimes - India aJ.C. Arora aPolice Research and Development